soprannomi dei calciatori - Statistics

Statistiche generali
  • Questo quiz è stato fatto 271 volte
  • Il punteggio medio è 11 su 15
Statistiche sulle risposte
Hint Risposta % Corretto
er pupone Francesco Totti
98%
il divin codino Roberto Baggio
97%
ringhio Gennaro Gattuso
94%
el papu Alejandro Gomez
93%
la joya Paulo Dybala
92%
pinturicchio Alex Del Piero
84%
el matador Edinson Cavani
83%
il faraone Stephan El Shaarawy
83%
l'apache Carlos Tevez
75%
il cigno di utrecht Marco Van Basten
69%
el nino Fernando Torres
62%
lo zio Beppe Bergomi
60%
the wall Walter Samuel
52%
el pajarito Federico Valverde
22%
lo squalo Roger Ibanez
5%
Nessun quiz corrispondente trovato
Distribuzione punteggi
Percentuale di utenti per punteggio
Percentile per numero di risposta
I tuoi punteggi nel tempo
Non hai fatto questo quiz